000 01179nam a2200361 a 4500
001 3860770
003 OSt
005 20150616105016.0
008 880426s1987 enk b 001 0 eng
010 _a 88134930
020 _a0297790528
_c£30.00
020 _a0297790536 (pbk.)
040 _aDLC
_cDLC
_dDLC
043 _ae-uk---
050 0 0 _aKD1975
_b.A96 1987
082 0 0 _a346.0322 ATI
_219
100 1 _aAtiyah, P. S.
_9893
245 1 0 _aAtiyah's Accidents, compensation, and the law.
250 _a4th ed. /
_bPeter Cane.
260 _aLondon :
_bWeidenfeld and Nicolson,
_c1987.
300 _axxiii, 639 p. ;
_c23 cm.
440 0 _aLaw in context
_946
500 _aRev. ed. of: Accidents, compensation, and the law. 3rd ed. 1980.
500 _aIncludes index.
504 _aBibliography: p. [581]-628.
650 0 _aAccident law
_zGreat Britain.
_91229
650 0 _aCompensation (Law)
_zGreat Britain.
_91230
700 1 _aAtiyah, P. S.
_tAccidents, compensation, and the law.
_91231
700 1 _aCane, Peter,
_d1950-
_91232
906 _a7
_bcbc
_corignew
_d2
_encip
_f19
_gy-gencatlg
942 _2ddc
_cBK
999 _c420
_d420